| 000 | 01440nam a22003615b 4500 | ||
|---|---|---|---|
| 001 | 002905 | ||
| 003 | DO-SdBPM | ||
| 005 | 20251211124434.0 | ||
| 007 | ta | ||
| 008 | 930520s1997 sp | |||| ||spa | ||
| 017 |
_a _b |
||
| 020 | _a8477646740 (obra completa) | ||
| 020 | _a8477646759 (v.1) | ||
| 020 | _a8477646767 (v.2) | ||
| 020 | _a8477646775 ((v.3) | ||
| 035 | _a | ||
| 040 |
_aDO-SdBPM _bspa _cBPMSU _e rda |
||
| 082 | 4 |
_a372.5 _bC732c 1997 _222 |
|
| 245 | 1 | 0 |
_aCometa de colores : _bmanualidades escolares / _cdirección Carlos Gispert.; edición José A. Vidal. _h |
| 264 |
_aBarcelona : _bOcéano, _c1997. |
||
| 300 |
_a3 volumenes : _bilustraciones ; _c27 cm _e |
||
| 336 |
_atexto _btxt _2rdacontent |
||
| 337 |
_asin mediación _bn _2rdamedia |
||
| 338 |
_avolumen _bnc _2rdacarrier |
||
| 505 | _av.1 Guía para educadores ; Invitaciones ; Hielo y nieve ; v.2 Trabajos manuales de pascua ; Se acerca eldía de la madre ; La fiesta de cumpleaños ; Cosas divertidad para la habitación. -- v.3 Pequeños regalos ; Iluminación con linternas ; Instrumentos musicales ; Ya llegó la navidad ; Hoja de patrones. | ||
| 590 | _aInventariado, 2025/VM | ||
| 650 | 7 |
_aTrabajos manuales (Educación) _xEnseñanza primaria |
|
| 700 | 1 |
_aGispert, Carlos, _edirector |
|
| 700 | 1 |
_aVidal, José A. _eeditor |
|
| 710 | 2 | _aEdiciones Océano | |
| 910 | _aVMateo V. Control de calidad. BPMSU | ||
| 942 |
_2ddc _cBK |
||
| 999 |
_c12215 _d12215 |
||